Your pet plesiosaur / (Record no. 49387)
| 000 -LEADER | |
|---|---|
| fixed length control field | 00385nam a2200133 4500 |
| 020 ## - INTERNATIONAL STANDARD BOOK NUMBER | |
| International Standard Book Number | 9781912502424 |
| 100 ## - MAIN ENTRY--PERSONAL NAME | |
| Personal name | Holmes, Kirsty |
| 9 (RLIN) | 86588 |
| 245 ## - TITLE STATEMENT | |
| Title | Your pet plesiosaur / |
| Statement of responsibility, etc | Kirsty Holmes |
| 260 ## - PUBLICATION, DISTRIBUTION, ETC. (IMPRINT) | |
| Place of publication, distribution, etc | Malaysia |
| Name of publisher, distributor, etc | The Secret Book Company |
| Date of publication, distribution, etc | 2019 |
| 300 ## - PHYSICAL DESCRIPTION | |
| Extent | 24 p. |
| Other physical details | col. ill. |
| Dimensions | 24 cm. |
| 490 ## - SERIES STATEMENT | |
| Series statement | How to take care of your pet Dinosaur |
| 650 ## - SUBJECT ADDED ENTRY--TOPICAL TERM | |
| Topical term or geographic name as entry element | Dinosaur |
| 9 (RLIN) | 86331 |
| 942 ## - ADDED ENTRY ELEMENTS (KOHA) | |
| Source of classification or shelving scheme | |
| Koha item type | Book |
| Withdrawn status | Lost status | Source of classification or shelving scheme | Damaged status | Not for loan | Home library | Current library | Date acquired | Total Checkouts | Full call number | Barcode | Checked out | Date last seen | Date checked out | Price effective from | Koha item type |
|---|---|---|---|---|---|---|---|---|---|---|---|---|---|---|---|
| Asian Hope Early Years Library | Asian Hope Early Years Library | 08/21/2025 | 4 | 567.93 HOL | 208898 | 04/21/2026 | 04/21/2026 | 04/21/2026 | 08/21/2025 | Book |